| 000 | 01770nam a22003735i 4500 | ||
|---|---|---|---|
| 999 |
_c29026 _d28997 |
||
| 003 | EG-ScBUE | ||
| 005 | 20201117114044.0 | ||
| 008 | 200219s2019 cc f 000 0 chi d | ||
| 020 | _a9787561909553 | ||
| 040 |
_aEG-ScBUE _beng _erda _cEG-ScBUE _dEG-ScBUE |
||
| 041 | 1 |
_achi _aeng _heng |
|
| 082 | 0 | 4 |
_a495.1 _bYIN _222 |
| 245 | 0 | 0 |
_a英汉翻译敎程 / _c杜玉兰 主编, 熊文华 编著 = YingHan fanyi jiaocheng / Du Yulan zhu bian, Xiong Wenhua bian zhu = English-Chinese translation course / edited by Yulan Du, Wenhua Xiong. |
| 246 | 3 | 1 | _aYingHan fanyi jiaocheng |
| 246 | 3 | 1 | _aEnglish-Chinese translation course |
| 250 |
_a第7版 = _bDi 7 ban = seventh edition. |
||
| 264 | 1 |
_aBeijing : _bBeijing Language and Culture University Press, _c2019. |
|
| 264 | 1 |
_a北京 : _b北京语言文化大学出版社 = Beijing yu yan wen hua da xue chu ban she, _c2019. |
|
| 300 |
_a119 pages ; _c24 cm. |
||
| 336 |
_atext _btxt _2rdacontent |
||
| 337 |
_aunmediated _bn _2rdamedia |
||
| 338 |
_avolume _bnc _2rdacarrier |
||
| 490 | 0 |
_a对外汉语本科系列教材. _a语言技能类(二年级) = _aDui wai Han yu ben ke xi lie jiao cai. _aYu yan ji neng lei (er nian ji) _aSeries of textbooks for undergraduate Chinese as a foreign language. _aLanguage skills (second grade) |
|
| 521 | 3 | _aFor grade 2. | |
| 546 | _aText in English and Chinese ; translation from original English. | ||
| 650 | 7 |
_aEnglish language _xTranslating into Chinese. _2BUEsh |
|
| 650 | 7 |
_aChinese language _vTextbooks for foreign speakers. _2BUEsh |
|
| 650 | 7 |
_aChinese language _xStudy and teaching _xForeign speakers. _2BUEsh |
|
| 653 |
_bHHUUCCHH _cNovember2020 |
||
| 655 |
_vText book _933728 |
||
| 700 | 1 |
_aDu, Yulan, _eeditor. |
|
| 700 | 1 |
_aXiong, Wenhua, _eeditor. |
|
| 942 |
_2ddc _cBB |
||